000 00425nam a22001697a 4500
003 NUST - PNEC
005 20170116181033.0
008 150913b xxu||||| |||| 00| 0 eng d
020 _a-
040 _cLIBRARY
082 _a621.38173 HOE
100 _910017
_aHoebeek, A. M
245 _aDigital I.C. equivalents
_cA.M. Hoebeek
260 _cc.1986
650 _910018
_aLinear integrated circuits
_xEE
942 _2ddc
_cBK
999 _c67823
_d67823